| 000 | 00367nam a22001577a 4500 | ||
|---|---|---|---|
| 005 | 20180820145407.0 | ||
| 008 | 160524b xxu||||| |||| 00| 0 eng d | ||
| 041 | _aeng | ||
| 082 |
_b4623 _a658.4012 |
||
| 100 |
_aBagewadi, Shirish _91147 |
||
| 245 | _aStragic Management | ||
| 260 |
_aPUNE _bSCDL _c2004 |
||
| 300 | _a217p, | ||
| 650 |
_aManagement _9241 |
||
| 942 | _cBK | ||
| 999 |
_c1559 _d1558 |
||